[Event "Challenge"]
[Site "http://www.queenalice.com/game.php?id=977539"]
[Date "2011.8.27"]
[Round "-"]
[White "amarkin"]
[Black "hendrik"]
[Result "1-0"]
[WhiteElo "2563"]
[BlackElo "2482"]

1. e4 e5 2. Nf3 Nf6 3. Nxe5 Nc6 4. Nxc6 dxc6 5. d3 Bc5 6. Be2 h5 7. c3 Bg4 8. d4
Be7 9. e5 Bxe2 10. Qxe2 Nd5 11. O-O Qd7 12. c4 Nb6 13. Be3 f6 14. Nc3 fxe5 15.
dxe5 O-O-O 16. b3 Qf5 17. f4 Bb4 18. Rac1 h4 19. Qf3 g5 20. fxg5 Qxe5 21. Bf4
Qd4+ 22. Kh1 Rde8 23. Ne2 Qe4 24. Qg4+ Nd7 25. Rcd1 Re7 26. Ng1 b6 27. a3 Bc5
28. h3 Rf8 29. Qxh4 Bxa3 30. Ra1 Ref7 31. Rfe1 Qd4 32. Ne2 Qb2 33. g6 Re7 34.
Ng1 Kb7 35. Reb1 Qf6 36. Qxf6 Rxf6 37. Bg5 Rxg6 38. Bxe7 Bxe7 39. g4 Nc5 40. Ra2
Ne6 41. Rf2 a5 42. Rf7 Bd6 43. Kg2 Ng5 44. Rf5 Ne6 45. Ne2 Rg8 46. Rd1 Re8 47.
Nd4 Nf4+ 48. Kf3 Ng6 49. Rf6 Nh4+ 50. Kf2 Bc5 51. Kg3 Rd8 52. Kxh4 Bxd4 53. Rff1
Rh8+ 54. Kg3 Be5+ 55. Kg2 Bd6 56. Rf5 Kc8 57. g5 Kd8 58. Re1 Bb4 59. Re4 1-0

[Event "Challenge"]
[Site "http://www.queenalice.com/game.php?id=977648"]
[Date "2011.8.27"]
[Round "-"]
[White "hendrik"]
[Black "amarkin"]
[Result "1-0"]
[WhiteElo "2476"]
[BlackElo "2567"]

1. e4 e6 2. d4 d5 3. Nc3 Nf6 4. Bg5 Be7 5. e5 Nfd7 6. Bxe7 Qxe7 7. f4 O-O 8. Nf3
c5 9. dxc5 Nc6 10. Bd3 Nxc5 11. O-O Bd7 12. Bxh7+ Kxh7 13. Ng5+ Kg6 14. Rf3 Rh8
15. Rg3 Rh6 16. Qg4 f5 17. exf6 gxf6 18. Nxe6+ Kh7 19. Qf5+ Kh8 20. Rh3 Qg7 21.
Nxg7 Bxf5 22. Nxf5 Rxh3 23. gxh3 d4 24. Ne2 Rd8 25. Rd1 d3 26. cxd3 Nxd3 27. h4
Kh7 28. h5 Rd5 29. Neg3 Nxf4 30. Rf1 Nd3 31. Ne4 Kh8 32. Nxf6 Rd8 33. b3 Rf8 34.
Nd6 Ncb4 35. a3 Nc2 36. Nd7 Rxf1+ 37. Kxf1 Nd4 38. Nxb7 Nxb3 39. Ke2 Nf4+ 40.
Ke3 Nxh5 41. Ne5 Kg7 42. Nc6 Nf6 43. Nxa7 Ng4+ 44. Kd3 Nxh2 45. Kc3 Nc1 46. a4
Nf3 47. Nc6 Ne2+ 48. Kd3 Nc1+ 49. Ke3 1-0

[Event "Challenge"]
[Site "http://www.queenalice.com/game.php?id=978649"]
[Date "2011.8.30"]
[Round "-"]
[White "amarkin"]
[Black "hendrik"]
[Result "1/2-1/2"]
[WhiteElo "2562"]
[BlackElo "2486"]

1. e4 e5 2. Nf3 Nc6 3. Bb5 a6 4. Ba4 Nf6 5. O-O Be7 6. Nc3 b5 7. Bb3 d6 8. Nd5
Bb7 9. d3 Na5 10. Nxe7 Qxe7 11. Nh4 Bc8 12. f4 Ng4 13. Qe1 Nxb3 14. axb3 exf4
15. Rxf4 Ne5 16. Bd2 Ng6 17. Nxg6 hxg6 18. Qg3 g5 19. Rf2 g4 20. Ba5 f6 21. d4
O-O 22. Re1 Rf7 23. c4 bxc4 24. bxc4 Rb8 25. b4 Qe8 26. e5 Re7 27. Rd2 dxe5 28.
dxe5 f5 29. e6 Bb7 30. Qe5 Be4 1/2-1/2

[Event "Challenge"]
[Site "http://www.queenalice.com/game.php?id=978652"]
[Date "2011.8.30"]
[Round "-"]
[White "hendrik"]
[Black "amarkin"]
[Result "1-0"]
[WhiteElo "2488"]
[BlackElo "2565"]

1. d4 Nf6 2. c4 g6 3. Nc3 Bg7 4. e4 d6 5. Nf3 O-O 6. Be2 e5 7. O-O exd4 8. Nxd4
Nc6 9. Be3 Re8 10. f3 Nh5 11. Qd2 Nxd4 12. Bxd4 Nf4 13. Rfd1 Ne6 14. Bxg7 Kxg7
15. Nd5 a5 16. b3 f6 17. Qe3 b6 18. Rd2 Bb7 19. Rad1 Qd7 20. Qc3 Qf7 21. a3 Bc6
22. g3 Ra7 23. Bf1 Nc5 24. b4 Na4 25. Qe3 Raa8 26. Rc1 Bb7 27. Bh3 Bc6 28. Qd4
Rad8 29. g4 g5 30. Rf2 Bxd5 31. cxd5 Ra8 32. Bf1 axb4 33. axb4 1-0

[Event "Challenge"]
[Site "http://www.queenalice.com/game.php?id=981411"]
[Date "2011.9.5"]
[Round "-"]
[White "Zorob"]
[Black "hendrik"]
[Result "0-1"]
[WhiteElo "2141"]
[BlackElo "2511"]

1. e4 e5 2. Nf3 Nf6 3. d4 Nxe4 4. Bd3 d5 5. dxe5 Be7 6. O-O O-O 7. Re1 Re8 8. c4
Bc5 9. Bxe4 dxe4 10. Qxd8 Rxd8 11. Rxe4 Rd1+ 12. Re1 Rxe1+ 13. Nxe1 Be6 14. Nd2
Nc6 15. Nef3 Rd8 16. b3 Nxe5 17. Ng5 Bf5 0-1

[Event "Challenge"]
[Site "http://www.queenalice.com/game.php?id=981420"]
[Date "2011.9.5"]
[Round "-"]
[White "amarkin"]
[Black "hendrik"]
[Result "1/2-1/2"]
[WhiteElo "2547"]
[BlackElo "2500"]

1. e4 e5 2. Nf3 Nf6 3. Nxe5 d6 4. Nf3 Nxe4 5. d4 d5 6. Bd3 Nc6 7. O-O Be7 8. c4
Nb4 9. cxd5 Nxd3 10. Qxd3 Qxd5 11. Re1 Bf5 12. Nc3 Nxc3 13. Qxc3 Be6 14. Re5 Qc6
15. Qxc6+ bxc6 16. Bd2 O-O-O 17. Bg5 Bxg5 18. Rxg5 g6 19. Rc5 Bd5 20. Ne5 Rd6
21. Ra5 f6 22. Nd3 Bc4 23. Nc5 Kb8 24. Ra4 Bb5 25. Rb4 a5 26. Rb3 Ka7 27. a4 Ba6
28. Rc1 Bc8 29. Rbc3 Re8 30. f3 Rxd4 31. Nb3 Rxa4 32. Rxc6 Kb8 33. Rxc7 1/2-1/2

[Event "Challenge"]
[Site "http://www.queenalice.com/game.php?id=981421"]
[Date "2011.9.5"]
[Round "-"]
[White "hendrik"]
[Black "amarkin"]
[Result "1-0"]
[WhiteElo "2491"]
[BlackElo "2556"]

1. e4 c5 2. Nf3 d6 3. d4 cxd4 4. Nxd4 Nf6 5. Nc3 g6 6. Be3 Bg7 7. f3 O-O 8. Qd2
Nc6 9. Bc4 Ne5 10. Be2 Bd7 11. g4 a6 12. h4 b5 13. h5 Nc4 14. Bxc4 bxc4 15. Bh6
Qb6 16. hxg6 fxg6 17. Bxg7 Kxg7 18. O-O-O Rf7 19. Qh6+ Kg8 20. g5 Ne8 21. f4 Rb8
22. f5 Qxb2+ 23. Kd2 Qb6 24. Nde2 gxf5 25. g6 Rg7 26. Rb1 1-0

[Event "Challenge"]
[Site "http://www.queenalice.com/game.php?id=983361"]
[Date "2011.9.10"]
[Round "-"]
[White "hendrik"]
[Black "amarkin"]
[Result "1/2-1/2"]
[WhiteElo "2501"]
[BlackElo "2561"]

1. e4 c5 2. Nf3 d6 3. Nc3 Nf6 4. d4 cxd4 5. Qxd4 Nc6 6. Bb5 Bd7 7. Bxc6 Bxc6 8.
Bg5 e6 9. O-O-O Be7 10. Qd3 O-O 11. Nd4 h6 12. Bh4 d5 13. e5 Nd7 14. Bxe7 Qxe7
15. f4 Nb6 16. b3 Bd7 17. h4 Rfc8 18. g4 a5 19. g5 h5 20. g6 fxg6 21. Rhg1 Be8
22. Ncb5 Nd7 23. Nd6 Nc5 24. Qh3 Rd8 25. Nxe8 Qxe8 26. Kb2 Ra6 27. Rg2 a4 28. b4
Ne4 29. a3 Rc8 30. Rdg1 g5 31. Rxg5 Nxg5 32. Rxg5 Rc4 33. c3 Rac6 34. f5 exf5
35. Qxf5 Rxc3 36. Nxc6 Qxc6 37. e6 Rb3+ 38. Ka2 Qc7 39. Rg2 Rc3 40. Qxd5 Qc4+
41. Qxc4 1/2-1/2

[Event "Challenge"]
[Site "http://www.queenalice.com/game.php?id=983390"]
[Date "2011.9.10"]
[Round "-"]
[White "amarkin"]
[Black "hendrik"]
[Result "0-1"]
[WhiteElo "2554"]
[BlackElo "2502"]

1. d4 d5 2. Nc3 Nf6 3. Bf4 Bf5 4. e3 a6 5. Nf3 e6 6. Bd3 Bb4 7. O-O Nc6 8. Bxf5
exf5 9. Ne2 O-O 10. Ne5 Ne7 11. Qd3 Bd6 12. h3 c6 13. c4 dxc4 14. Nxc4 Bxf4 15.
Nxf4 Qc7 16. Rac1 Rad8 17. Rfd1 g6 18. Qb3 Ned5 19. Nd3 Rfe8 20. Nc5 Re7 21. Ne5
Kg7 22. f3 Nh5 23. Re1 f6 24. Nxb7 fxe5 25. Nxd8 Qxd8 26. dxe5 Rxe5 27. Rxc6 Qg5
28. Re2 Kh6 29. f4 Nhxf4 30. exf4 Nxf4 31. Rf2 Ne2+ 32. Rxe2 Rxe2 33. Qf3 Re3
34. Qf2 Rxh3 35. Rc4 a5 36. b3 Re3 37. Rh4+ Kg7 38. Rc4 Re7 39. Kf1 Qe3 40. Qxe3
Rxe3 41. Rc7+ Kh6 42. Kf2 Re4 43. Ra7 Re5 44. Rc7 Rd5 45. Ke2 g5 46. g3 Kh5 47.
Rc4 Rb5 48. Kf3 Rb4 49. Rc7 h6 50. Ra7 Rb5 51. Rc7 Rd5 52. Rc3 Rd2 53. a3 g4+
54. Ke3 Rg2 55. Kd4 Kg5 56. b4 axb4 57. axb4 Rb2 58. Ke3 Rxb4 0-1

[Event "Challenge"]
[Site "http://www.queenalice.com/game.php?id=986153"]
[Date "2011.9.16"]
[Round "-"]
[White "hendrik"]
[Black "amarkin"]
[Result "1-0"]
[WhiteElo "2512"]
[BlackElo "2549"]

1. e4 c5 2. Nf3 Nc6 3. d4 cxd4 4. Nxd4 Qc7 5. Nc3 Nf6 6. Ndb5 Qb8 7. Nd5 Nxd5 8.
exd5 Ne5 9. Nc3 e6 10. Qd4 f6 11. f4 Ng6 12. Be3 Nh4 13. Qa4 Nf5 14. Bf2 Kf7 15.
O-O-O Bd6 16. g3 a6 17. Bh3 b5 18. Qb3 g6 19. Rhe1 Re8 20. Ne4 Be7 21. Bg2 a5
22. d6 Bf8 23. g4 Nxd6 24. Nxd6+ Bxd6 25. Rxd6 Qxd6 26. Bxa8 Qxf4+ 27. Be3 Qb8
28. Bh1 b4 29. Qd3 Qxh2 30. Rf1 Qh4 31. Bf3 Qg3 32. Be4 Qe5 33. Bf4 Qc5 34. Rh1
1-0

[Event "Challenge"]
[Site "http://www.queenalice.com/game.php?id=986995"]
[Date "2011.9.18"]
[Round "-"]
[White "amarkin"]
[Black "hendrik"]
[Result "0-1"]
[WhiteElo "2536"]
[BlackElo "2529"]

1. c4 Nf6 2. Nc3 e5 3. Nf3 Nc6 4. g3 Bb4 5. Bg2 O-O 6. O-O Bxc3 7. bxc3 Re8 8.
d3 e4 9. Nd4 exd3 10. exd3 Nxd4 11. cxd4 d5 12. Bf4 c6 13. Qd2 Bf5 14. Rae1 Qd7
15. c5 h6 16. Be5 Nh7 17. Re3 f6 18. Bd6 Ng5 19. Rfe1 Rxe3 20. Rxe3 Re8 21.
Rxe8+ Qxe8 22. h4 Nf7 23. Bf4 b6 24. cxb6 axb6 25. Bc7 b5 26. Ba5 Qa8 27. Bf1
Nd8 28. Qf4 Bg6 29. Bb6 Ne6 30. Qd6 Bf5 31. f3 Qxa2 32. Qxc6 Qb1 33. g4 Bxd3 34.
Qxe6+ Kh7 35. Kh2 Qxf1 36. Qe3 b4 37. Bc5 b3 38. Ba3 f5 39. gxf5 Bxf5 40. Qxb3
Qf2+ 41. Kh1 Qxd4 42. Kg2 Qxh4 43. Qe3 d4 44. Qe5 Qg5+ 45. Kf2 d3 46. Be7 Qh5
47. Qf4 Qg6 48. Bb4 Qb6+ 49. Kg2 Qf6 50. Bd2 Qg6+ 51. Kf2 Qb6+ 52. Be3 Qa5 53.
Bd2 Qc5+ 54. Kg2 Kg6 55. Bb4 Qc2+ 56. Bd2 Qb2 57. Qd6+ Kh7 58. Qf4 Bg6 59. Qb4
Qe5 60. Bc3 Qe2+ 61. Kg3 Qe3 62. Qf8 Qa7 63. Kg2 Qc7 64. Qb4 Bf5 65. Qa5 Qd7 66.
Kf2 Bg6 67. Kg2 Be8 68. Qb4 Bh5 69. Kf2 Qf7 70. Qe4+ Bg6 71. Qe5 h5 72. Bd2 Qa7+
73. Kg2 Qa2 74. Qf4 Qe6 75. Kg3 Qd5 76. Qg5 Qxg5+ 77. Bxg5 Bf5 78. Bc1 Bd7 79.
Kf2 h4 80. Bg5 h3 81. Bf4 Kg6 82. Ke3 Bf5 83. Bg3 Kf7 84. Bh2 Ke6 85. Kd2 Kd5
86. Kc3 Bg6 87. Bg3 Bh7 88. Bb8 g5 89. Bc7 Bg6 90. Bh2 g4 91. fxg4 Ke4 92. g5
Kf3 0-1

[Event "Challenge"]
[Site "http://www.queenalice.com/game.php?id=987474"]
[Date "2011.9.20"]
[Round "-"]
[White "hendrik"]
[Black "amarkin"]
[Result "0-1"]
[WhiteElo "2529"]
[BlackElo "2534"]

1. e4 c6 2. d4 d5 3. exd5 cxd5 4. c4 Nf6 5. Nc3 Nc6 6. Nf3 g6 7. cxd5 Nxd5 8.
Qb3 Nxc3 9. Bc4 Nd5 10. Bxd5 e6 11. Bxc6+ bxc6 12. O-O Qd5 13. Qa4 f6 14. Be3
Bd6 15. Rac1 O-O 16. Nd2 Rb8 17. Nc4 Rb4 18. Qc2 Ba6 19. a3 Rxc4 20. Qd2 e5 0-1

[Event "Challenge"]
[Site "http://www.queenalice.com/game.php?id=989123"]
[Date "2011.9.24"]
[Round "-"]
[White "hendrik"]
[Black "amarkin"]
[Result "1-0"]
[WhiteElo "2521"]
[BlackElo "2543"]

1. e4 c5 2. Bc4 Nc6 3. Nf3 Nf6 4. e5 d5 5. Bb5 Nd7 6. O-O e6 7. d3 Be7 8. c4 O-O
9. Bxc6 bxc6 10. Re1 Qa5 11. h3 h6 12. Qc2 Re8 13. Bd2 Qc7 14. Nc3 Ba6 15. b3
Bb7 16. Bf4 Rad8 17. Bg3 Rf8 18. Rac1 Qa5 19. Bh4 Bxh4 20. Nxh4 d4 21. Nb1 Qc7
22. Qe2 a5 23. Nd2 a4 24. bxa4 Ra8 25. f4 Rxa4 26. Ne4 Rb8 27. f5 Nf8 28. Qg4
Qxe5 29. Nc3 Qxe1+ 30. Rxe1 dxc3 31. f6 1-0

[Event "Challenge"]
[Site "http://www.queenalice.com/game.php?id=990023"]
[Date "2011.9.26"]
[Round "-"]
[White "amarkin"]
[Black "hendrik"]
[Result "0-1"]
[WhiteElo "2551"]
[BlackElo "2545"]

1. d4 Nf6 2. c4 e6 3. Nf3 b6 4. e3 Bb7 5. Bd3 d5 6. cxd5 exd5 7. Qa4+ Qd7 8. Qc2
Bd6 9. O-O O-O 10. Ne5 Qe7 11. f4 c5 12. Nc3 Nc6 13. Bb5 Rac8 14. Rd1 Na5 15.
Qe2 cxd4 16. exd4 Nc4 17. Qf1 Rfd8 18. Ba4 a6 19. Bc2 Bb4 20. Qe2 Bxc3 21. bxc3
Nd6 22. Ba3 Rxc3 23. Bb4 Rc7 24. Rab1 Qe6 25. Bd3 Nfe4 26. Bxa6 Bxa6 27. Qxa6
Nc4 28. Rbc1 h6 29. a3 Rdc8 30. Re1 Kh7 31. Qb5 Ncd6 32. Qf1 Rxc1 33. Rxc1 Nf5
34. Re1 Nxd4 35. Qd3 Nc2 36. Rd1 f6 37. Nf3 Rc4 38. h3 Nxb4 39. axb4 Rxb4 40.
Qxd5 Qxd5 41. Rxd5 Nc3 42. Rd7 Rxf4 43. Kf2 Ra4 44. Ke3 Ne4 45. Nd4 Nc5 46. Rd6
Ra3+ 47. Ke2 Rg3 48. Kf1 Rd3 49. Ke2 g5 50. Rd8 Kg6 51. Rd5 Ra3 52. Nc2 Rb3 53.
Ne3 Ne4 54. Rd3 Ng3+ 55. Kd2 Rxd3+ 56. Kxd3 b5 0-1

[Event "Challenge"]
[Site "http://www.queenalice.com/game.php?id=990024"]
[Date "2011.9.26"]
[Round "-"]
[White "hendrik"]
[Black "amarkin"]
[Result "1-0"]
[WhiteElo "2537"]
[BlackElo "2551"]

1. e4 e6 2. Nf3 d5 3. Nc3 d4 4. Ne2 c5 5. c3 dxc3 6. Nxc3 Nc6 7. Bb5 Ne7 8. d4
cxd4 9. Nxd4 a6 10. Nxc6 Qxd1+ 11. Kxd1 Nxc6 12. Bxc6+ bxc6 13. Bf4 a5 14. Ke2
f6 15. Na4 e5 16. Be3 Rb8 17. b3 Ba6+ 18. Kf3 Bb5 19. Rhd1 h5 20. h4 Be7 21. Nc5
Bxc5 22. Bxc5 Rb7 23. Rd6 Kf7 24. Rad1 Kg6 25. Ke3 a4 26. b4 a3 27. g3 Re8 28.
Rc1 Rf7 29. Rc3 Ra8 30. f4 Kh7 31. Rd2 Kg6 32. Kf3 Kh7 33. Rd6 Rb7 34. f5 Kg8
35. Rc2 Kf7 36. g4 hxg4+ 37. Kxg4 Kg8 38. h5 Rf7 39. Rg2 Rb8 40. Rdd2 Rbb7 41.
Rd8+ Kh7 42. Rgd2 Bc4 43. R2d6 Rfe7 44. Kh4 Bf7 45. Rd3 Bxa2 46. Bxe7 Rxe7 47.
Rxa3 1-0

[Event "Challenge"]
[Site "http://www.queenalice.com/game.php?id=999311"]
[Date "2011.10.19"]
[Round "-"]
[White "hendrik"]
[Black "amarkin"]
[Result "1/2-1/2"]
[WhiteElo "2545"]
[BlackElo "2599"]

1. e4 e5 2. Bc4 Nf6 3. d3 Nc6 4. Nf3 Bc5 5. c3 a5 6. O-O d6 7. h3 h6 8. d4 Ba7
9. Re1 O-O 10. Be3 Re8 11. Nbd2 exd4 12. Bxd4 Nxd4 13. cxd4 d5 14. exd5 Rxe1+
15. Qxe1 Nxd5 16. Nb3 b6 17. Qe4 c6 18. Re1 Bb7 19. a3 Qc7 20. Qc2 Qd8 21. Nbd2
Rc8 22. Ne4 Bb8 23. Ne5 Qe7 24. Nc3 Re8 25. Nxd5 cxd5 26. Bb5 Rc8 27. Qd2 Qd8
28. g3 Bd6 29. Ng4 Be7 30. Qd3 Rc7 31. Ba4 Qd6 32. Bc2 g6 33. Nxh6+ Kg7 34. Ng4
Bc8 35. Qd2 b5 36. Kg2 b4 37. Bb3 bxa3 38. bxa3 Rb7 39. Bc2 Bxg4 40. hxg4 Rb2
41. Qc1 Ra2 42. a4 Qa3 43. Bb3 Qxc1 44. Rxc1 Ra3 45. Rb1 Kf6 46. Kf1 Kg5 47. f3
Bd8 48. Bd1 Rd3 49. Ke2 Rxd4 50. Ke3 Rc4 51. Rb5 Kf6 52. Rxd5 Bb6+ 53. Kd3 Rb4
54. Rb5 Rxb5 55. axb5 Bf2 56. Ke4 Ke7 57. g5 Bxg3 58. b6 Kd7 59. f4 Bh4 60. Kd5
Kc8 61. Bb3 Kb7 62. Ke5 a4 63. Bxa4 Be1 64. Be8 Bc3+ 65. Kd5 f6 66. gxf6 1/2-1/2

[Event "Challenge"]
[Site "http://www.queenalice.com/game.php?id=999584"]
[Date "2011.10.20"]
[Round "-"]
[White "amarkin"]
[Black "hendrik"]
[Result "1-0"]
[WhiteElo "2553"]
[BlackElo "2553"]

1. a3 e5 2. e3 d5 3. d4 Nc6 4. Nf3 e4 5. Nfd2 f5 6. c4 Nf6 7. Nc3 Be6 8. Qb3 a6
9. cxd5 Bxd5 10. Nxd5 Nxd5 11. g4 f4 12. Nxe4 Na5 13. Qd3 fxe3 14. Bxe3 Qd7 15.
Bd2 Nc6 16. Bh3 Qf7 17. Ng5 Qf6 18. Qe4+ Qe7 19. Ne6 Nd8 20. g5 c6 21. f4 Nxe6
22. Bxe6 Nc7 23. f5 g6 24. Rf1 gxf5 25. Bxf5 Qxe4+ 26. Bxe4 Ne6 27. d5 Nc5 28.
Bc3 Rg8 29. Bxh7 Rxg5 30. dxc6 Bg7 31. cxb7 Nxb7 32. O-O-O Bxc3 33. bxc3 Nc5 34.
h4 Rg3 35. Kc2 Ra7 36. Bf5 Rb7 37. h5 Rg2+ 38. Rd2 Rb2+ 39. Kxb2 Rxd2+ 40. Bc2
Rh2 41. Rf5 Nd3+ 42. Kb1 Rh1+ 43. Bd1 Rh2 44. Rf3 Nc5 45. Re3+ Kf8 46. Re5 Nd7
47. Ra5 Nf6 48. c4 Ne4 49. Kc1 Nc3 50. Bf3 Rh3 51. Rf5+ Ke7 52. Kc2 Na4 53. Kb3
Ke6 54. Ra5 Nc5+ 55. Rxc5 Rxf3+ 56. Kb4 Kd7 57. Rd5+ Ke7 58. Rg5 Rh3 59. c5 Kd8
60. a4 Kc8 61. Rg8+ 1-0

[Event "Challenge"]
[Site "http://www.queenalice.com/game.php?id=1000001"]
[Date "2011.10.22"]
[Round "-"]
[White "amarkin"]
[Black "hendrik"]
[Result "1/2-1/2"]
[WhiteElo "2598"]
[BlackElo "2546"]

1. e4 e5 2. Nf3 Nc6 3. Bb5 a6 4. Ba4 Nf6 5. O-O Be7 6. Nc3 b5 7. Bb3 d6 8. Nd5
Na5 9. Nxe7 Qxe7 10. d3 O-O 11. Bd2 Nxb3 12. axb3 h6 13. h3 Nd7 14. Nh2 f5 15.
exf5 Rxf5 16. Ng4 Rf8 17. Qe2 Bb7 18. f3 Nc5 19. b4 Ne6 20. Be3 Nf4 21. Bxf4
Rxf4 22. c3 Qg5 23. Kh1 Raf8 24. Rf2 Qh4 25. Raf1 h5 26. Nh2 g5 27. Kg1 R4f7 28.
Qd2 Bc8 29. Re2 g4 30. hxg4 hxg4 31. fxg4 Rxf1+ 32. Nxf1 Bxg4 33. Rf2 Bd7 34.
Qe3 Rxf2 35. Qxf2 Qxf2+ 36. Kxf2 Kf7 37. Nd2 Kf6 38. Ne4+ Kf5 39. Kf3 Bc6 40.
g4+ Ke6 41. Ke3 Bb7 42. Nf2 Kd5 43. Ne4 Ke6 44. Ng3 Kf6 45. d4 Kg5 46. dxe5 dxe5
47. Ne4+ Kxg4 48. Nc5 Bd5 49. Nxa6 c6 50. Nc5 Kf5 51. b3 Bf7 52. Kf3 Bd5+ 53.
Ke2 Kg5 54. Ke3 Kf6 55. Kd3 Kf5 56. Ke3 Bf7 1/2-1/2

[Event "Challenge"]
[Site "http://www.queenalice.com/game.php?id=1001334"]
[Date "2011.10.25"]
[Round "-"]
[White "hendrik"]
[Black "amarkin"]
[Result "0-1"]
[WhiteElo "2537"]
[BlackElo "2606"]

1. e4 c5 2. Nf3 Nc6 3. d4 cxd4 4. Nxd4 g6 5. c4 Bg7 6. Be3 Nf6 7. Nc3 Ng4 8.
Qxg4 Nxd4 9. Qd1 Ne6 10. Rc1 O-O 11. g3 b6 12. Bg2 Bb7 13. O-O d6 14. b4 Re8 15.
f4 Nf8 16. Bd4 e5 17. fxe5 Ne6 18. Be3 Bxe5 19. Nd5 f6 20. Rf2 Rf8 21. Qb3 Rf7
22. Rcf1 Qf8 23. a4 Rc8 24. Bh3 Re8 25. Qa2 Ba6 26. Kg2 h5 27. Rf3 Bb7 28. a5
bxa5 29. Qxa5 Kh7 30. Qa2 Nc7 31. Qd2 Nxd5 32. exd5 f5 33. Qd3 Bc8 34. Kh1 Kg8
35. Bg2 Rb7 0-1